000 00400nam a2200157Ia 4500
008 151213s9999 xx 000 0 und d
100 _aKenneta Graham
245 _aThe old man & the sea (York Notes on)
_cKenneta Graham
250 _a1st
260 _aEngland
_bLongman Grup U.K
_c1980
300 _a2446 p.
650 _aEnglish
650 _aEnglish
700 _aKenneta Graham
999 _c1698
_d1698